| 000 | 00509nam a2200181Ia 4500 | ||
|---|---|---|---|
| 003 | GCL | ||
| 008 | 140319s9999 xx 000 0 eng d | ||
| 040 |
_aGCL / _cGCL |
||
| 082 | 0 | 4 |
_a894 _bV O |
| 100 | 1 | _aVON SCHELLING, F.W.J. | |
| 245 | 1 | 0 |
_aON THE HISTORY OF MODERN PHILOSOPHY / _cVON SCHELLING, F.W.J. |
| 260 |
_a[S.N] : _bCAMBRIDGE UNIVERSITY PRESS ، _c1994 |
||
| 300 | _a195 P | ||
| 490 |
_aTEXTS IN GERMAN PHILOSOPHY _v0 |
||
| 650 | 0 | 4 | _aIDEALISM |
| 650 | 0 | 4 | _aMODERN - PHILOSOPHY |
| 942 |
_2ddc _cBK |
||
| 999 |
_c24416 _d24416 |
||